Vista normal Vista MARC

Entrada Personal Name

Número de registros utilizados en: 1

001 - CONTROL NUMBER

  • control field: 13578

003 - CONTROL NUMBER IDENTIFIER

  • control field: OSt

005 - DATE AND TIME OF LATEST TRANSACTION

  • control field: 20210217152739.0

008 - FIXED-LENGTH DATA ELEMENTS

  • fixed length control field: 210217|| aca||aabn | a|a d

040 ## - CATALOGING SOURCE

  • Original cataloging agency: OSt
  • Transcribing agency: OSt

100 ## - HEADING--PERSONAL NAME

  • Personal name: Lichtenberg, Georg Christoph,
  • Dates associated with a name: 1742-1799

670 ## - SOURCE DATA FOUND

  • Source citation: Work cat.: (OSt): Lichtenberg, Georg Christoph, 1742-1799 autor, Aforismos / , 2008